000 01291nam a2200265Ia 4500
003 OSt
005 20220930095043.0
006 a|||||r|||| 00| 0
007 ta
008 220926b |||||||| |||| 00| 0 hin d
024 _a68507
037 _cTheses
040 _aCRL
_cCRL
_bhin
041 _2hin
_ahin
100 _aमिश्र, विशाल, ले.
110 _aदिल्ली विश्वविद्यालय. कला संकाय. हिन्दी विभाग
245 0 _aडॉ. रामविलास शर्मा के लेखन में मार्क्सवादी सौन्दर्याबोध और भारतीय सौन्दर्यबोध का द्वन्द्व, विशाल मिश्र
246 _aḌaॉ. Rāmavilās sharmā ke lekhan mean mārksavādī saundaryābodh aur bhāratīya saundaryabodh kā dvandva, vishāl mishra
260 _c2019
300 _a274पृ0
_ap.
_ccm.
650 _aहिन्दी साहित्य
700 _aदिल्ली विश्वविद्यालय. कला संकाय. हिन्दी विभाग
942 _cDIS
_2CC
999 _c888236
_d888236